Unix : Manual del Admistrador /
Guardado en:
| Autor Principal: | |
|---|---|
| Formato: | Libro |
| Idioma: | Undetermined |
| Publicado: |
Buenos Aires :
Fox Andina,
c2009.
|
| Edición: | 1era. ed. |
| Series: | Manuales Users
|
| Acceso en línea: | www.redusers.com |
| Etiquetas: |
Agregar Etiqueta
Sin Etiquetas, Sea el primero en etiquetar este registro!
|
| LEADER | 00846nam a22002055a 4500 | ||
|---|---|---|---|
| 001 | DCC.dcic001084 | ||
| 008 | 140821s2009####ag#a##########000#0#und#d | ||
| 005 | 20151130154544.0 | ||
| 245 | 1 | 0 | |a Unix : |b Manual del Admistrador / |c Colli, Matías. |
| 250 | |a 1era. ed. | ||
| 260 | |a Buenos Aires : |b Fox Andina, |c c2009. | ||
| 300 | |a 320 p. : |b il. ; |c 24 cm. | ||
| 490 | 1 | |a Manuales Users | |
| 500 | |a Incluye Apéndice y Servicios al lector. | ||
| 505 | 0 | |a Instalación de unix: freebsd y Solaris - El Proceso de Arranque en Unix - Configuración de Kernel de Freebsd - Conceptos Básicos de Unix - Instalación de Aplicaciones: Paquetes y Ports - Configuración de Networking - Administración de Usuarios - | |
| 020 | |a 9789871347940 | ||
| 100 | 1 | |a Colli, Matías. | |
| 830 | 0 | |a Manuales Users | |
| 856 | |u www.redusers.com | ||
| 859 | |a DCIC |b BIB. COMPUTACION |p 2113 | ||
